Library Banner

The pentagon papers (Record no. 82399)

MARC details
000 -LEADER
fixed length control field 00366nam a22001457a 4500
005 - DATE AND TIME OF LATEST TRANSACTION
control field 20160129115149.0
008 - FIXED-LENGTH DATA ELEMENTS--GENERAL INFORMATION
fixed length control field 160129b xxu||||| |||| 00| 0 eng d
040 ## - CATALOGING SOURCE
Transcribing agency PK-LaUMT
082 ## - DEWEY DECIMAL CLASSIFICATION NUMBER
Classification number AMC 959.7043373
Item number NEI-P
100 ## - MAIN ENTRY--PERSONAL NAME
Personal name Neil sheehan
245 ## - TITLE STATEMENT
Title The pentagon papers
Statement of responsibility, etc Neil sheehan
260 ## - PUBLICATION, DISTRIBUTION, ETC. (IMPRINT)
Place of publication, distribution, etc Toronto
Name of publisher, distributor, etc Bantam books
Date of publication, distribution, etc 1971
300 ## - PHYSICAL DESCRIPTION
Extent 677 p.
942 ## - ADDED ENTRY ELEMENTS (KOHA)
Koha item type Books
Holdings
Withdrawn status Lost status Damaged status Home library Current library Date acquired Full call number Barcode Date last seen Price effective from Koha item type
      UMT Main Campus UMT Main Campus 2016-01-29 AMC 959.7043373 NEI-P 85792 2016-01-29 2016-01-29 Books